Engineering Mechanics Statics And Dynamics (Record no. 311996)

MARC details
000 -LEADER
fixed length control field 00411nam a2200157Ia 4500
008 - FIXED-LENGTH DATA ELEMENTS--GENERAL INFORMATION
fixed length control field 230718s9999 xx 000 0 und d
041 ## - LANGUAGE CODE
Language code of text/sound track or separate title eng
082 ## - DEWEY DECIMAL CLASSIFICATION NUMBER
Classification number 620.1
Item number BAP
100 ## - MAIN ENTRY--PERSONAL NAME
Personal name Baphana R.M.
245 ## - TITLE STATEMENT
Title Engineering Mechanics Statics And Dynamics
260 ## - PUBLICATION, DISTRIBUTION, ETC. (IMPRINT)
Date of publication, distribution, etc. 2006
Name of publisher, distributor, etc. Tech Max
300 ## - PHYSICAL DESCRIPTION
Extent 941
365 ## - TRADE PRICE
Currency code Rs.
Price amount 405.00
700 ## - ADDED ENTRY--PERSONAL NAME
Personal name Baphana R.M. & Passi M.
906 ## - LOCAL DATA ELEMENT F, LDF (RLIN)
d 1055/04.01.2006
c ALLIED
b 60.75
Holdings
Withdrawn status Lost status Damaged status Not for loan Home library Current library Date acquired Vendor Budget Code Cost, normal purchase price Bill number Full call number Barcode Date last seen Discount Cost, replacement price Bill Date Koha item type Original Barcode
Withdrawn       Cummins College of Engineering for Women Pune Cummins College of Engineering for Women Pune 09/01/2006 Goels Computer Hut ALLIED 344.25 1055/04.01.2006 620.1 CCEP-BK-23203 18/07/2023 60.75 405.00 04/01/2006 Books 023203